| 000 | 00664nam a2200193Ia 4500 | ||
|---|---|---|---|
| 008 | 151121s9999||||xx |||||||||||||| ||und|| | ||
| 082 | _a811/सुर्वे | ||
| 082 | _bHNW-33454 | ||
| 100 | _aसुर्वे नारायण | ||
| 245 | _aमाझें विद्यापीठ | ||
| 260 | _b"पॉप्युलर प्रकाशन , मुंबई।" | ||
| 260 | _c-- | ||
| 300 | _a64 | ||
| 600 | _aसुर्वे नारायण | ||
| 630 | _aमाझें विद्यापीठ | ||
| 700 | _aसुर्वे नारायण | ||
| 730 | _aमाझें विद्यापीठ | ||
| 942 | _cBOOK | ||
| 999 |
_c1226658 _d1226655 |
||